Statystyki dla Gra Video po Opisie (Wszystkie Platformy)

Kliknij tutaj aby rozwiązać quiz!

Ogólne statystyki

  • Ten quiz został rozwiązany 2 550 razy
  • Średni wynik to 16 z 105

Statystyki odpowiedzi

HintOdpowiedź% Poprawnych
Strzelaniny, kradzież samochodów, Liberty CityGrand Theft Auto III
86%
Żyjące trupy, oparta na serialu telewizyjnym, Clementine.The Walking Dead
74%
Skakanie po grzybkach i żółwiach, warp zone, nasza księżniczka jest w innym zamku.Super Mario Bros
70%
RPG, Sapkowski, CD Project RED.Wiedźmin
69%
FINISH HIM!, Scorpion, turniej.Mortal Kombat
50%
Apokalipsa, oparta na książce, tunela metra.Metro 2033
47%
Robaki, Święty Granat Ręczny, bomba bananowa.Worms: Armageddon
43%
Tatuaż kodu kreskowego, łysina, płatny zabójca.Hitman: Elite 47
41%
Łapanie stworków, ewolucja, Charmander.Pokemon
38%
Bogowie olimpijscy, wkurzony Spartanin, bohater pokryty prochami własnej rodziny.God of War
36%
Smoki, Tamriel, Dragonborn.The Elder Scroll's V: Skyrim
35%
El Dorado, action-adventure, Nathan Drake.Uncharted: Drake's Fortune
35%
Zakon zabójców, Templariusze, odtwarzanie wspomnień.Assassin's Creed
33%
Szmacianki, rozbudowany kreator poziomów, imaginosfera.Little Big Planet
33%
Zombie, Racoon City, Umbrella Corporation.Resident Evil
31%
Bullet time, zabójstwo żony i córeczki, wrobienie w morderstwo.Max Payne
30%
Zabójca origami, interaktywny film, deszcz.Heavy Rain
29%
Aperture Science, portale, ciastko to kłamstwo.Portal
28%
Haker, CtOS, telefon komórkowy.Watch_Dogs
27%
Snake, Shadow Moses, Skradanie się.Metal Gear Solid
25%
Gra na gitarze, Star Power, Johnny Napalm.Guitar Hero
24%
Mario i ekipa, gokarty, power up'y.Mario Kart
24%
Parkour, Faith, kurierzy.Mirror's Edge
24%
Japońska mafia, Kazuma, dzielnica Kamurocho.Yakuza
24%
City 17, gravity gun, łom.Half-Life 2
22%
Wspinaczka po drabinach, młotek, wielki goryl.Donkey Kong
21%
Orkowie, Azeroth, Lordaeron.Warcraft
21%
Normandia, Żniwiarze, CerberusMass Effect
20%
Maczużniki, klikacze (mlaskacze), Ellie.The Last of Us
20%
Slasher, białe włosy, wampir.Devil May Cry
19%
Żółte kulki, duchy, wiśnie.Pac-Man
19%
Mishima Zaibtsu, Turniej Żelaznej Pięści, HeihachiTekken
19%
Budowanie własnego imperium, Wololo, Średniowiecze.Age of Empires II: Age of Kings
18%
Owoce wumpa, jamraj, drewniane skrzynki.Crash Bandicoot
18%
V.A.T.S, Bractwo Stali, Stołeczne Pustkowie (Capital Wasteland).Fallout 3
18%
Noktowizor, sygnowana nazwiskiem Tom'a Clancy, Third Echelon.Tom Clancy's Splinter Cell
18%
Rytm, strategia, PON-PON-CHAKA-CHAKA.Patapon
17%
Fioletowy smok, ważka, zbieranie gem'sów.Spyro the Dragon
17%
Podwodne miasto, plazmidy, ADAM.Bioshock
16%
Cyber demon, strzelanka, Marine.Doom
16%
Klony, upiorna dziewczynka z długimi włosami, horror FPS.F.E.A.R.
14%
Hadouken, Ryu, Shoryuken.Street Fighter 2
14%
Walka na miecze, Bliwski Wschód, zły Wezyr.Prince of Persia
13%
Złote pierścienie, jeż, lis z dwoma ogonami.Sonic the Hedgehog 2
13%
Erathia, Czarne Smoki, Bastion, Cytadela, Zamek.Heroes of Might and Magic III: Restoration of Erathia
12%
Karaoke, PlayStation, mikrofony.Singstar
12%
Deskorolki, sygnowana nazwiskiem znanego skatera, grab trick.Tony Hawk's Pro Skater
12%
Strategia turowa, kosmici, specjalna jednostka do walki z przybyszami z kosmosu.X-COM
12%
Pandora, poszukiwacze krypty (vault hunters), bazylion broni.Borderlands
11%
jRPG, śmierć kwiaciarki, buster sword.Final Fantasy VII
11%
Final Fantasy, Disney, Kluczo-Ostrze.Kingdom Hearts
11%
Mgła, zaginiona córka, kult.Silent Hill
11%
Klocki, Związek Radziecki, im dalej tym szybciej.Tetris
11%
Triforce, Hyrule, zielony kubrak.The Legend of Zelda
11%
Dracula, bicz, woda święcona.Castlevania
10%
Apokalipsa, Wojna, Jeźdźcy Apokalipsy.Darksiders
10%
Kończyny bez przegubów, Lumsy, śliwki.Rayman
10%
James Bond, FPS, Izabella Skorupko.007: Golden Eye
9%
Alternatywna wersja zimnej wojny, Chronosfera, Albert Einstein.Command & Conquer: Red Alert
8%
Marker, kosmos, plasma cutter.Dead Space
8%
Cortana, pierścień, Covenant.Halo: Combat Evolved
8%
Złodziej, gang szopa hipopotama i żółwia, Thievus Raccoonus.Sly Cooper
8%
Gwiezdna Kuźnia (Star Forge), Darth Revan, gwiezdne mapy (star map).Star Wars: Knights of the Old Republic
8%
Taksówki, muzyka Offspring, dowożenie klientów na czas.Crazy Taxi
7%
Boska Komedia, piekło, BeatryczeDante's Inferno
7%
No one steals our chicks... and LIVES!, jaja ze stali, Świnio Glina.Duke Nukem 3D
7%
FPS, Powstanie Warszawskie, ruch oporu.Enemy Front
7%
Lombax, śrubki i nakrętki, klucz jako broń.Ratchet & Clank
7%
Kinect, tańczenie, Harmonix.Dance Central
6%
Oparta na filmie, telefon, uważana za najgorszą grę wszechczasów.E.T.
6%
Helghan, FPS, ISA.Killzone
5%
Zombie, lizaki, pompony.Lollipop Chainsaw
5%
Krokodyl, Gobbosy, walka z biedronką na ringu.Croc: The Legend of Gobbos
4%
Przewodnicy (conduits), kula promieni, elektryczność.inFamous
4%
Nieudolny Casanova, Al Love, point n' clickLeisure Suit Larry
4%
Przygodówka, lew, made in Poland.Lew Leon
4%
Rebelia, Mars, możliwość niszczenia ścian.Red Faction
4%
Neo Paryż, miksowanie pamięci, Nilin.Remember Me
4%
Vin Diesel, więzienie na innej planecie, widzenie w ciemności.The Chronicles of Riddick: Escape from Butcher's Bay
4%
Asteroidy, statek, arcade.Asteroids
3%
Kosmici, Bill Rizor, spread gun.Contra
3%
Lądowanie na plaży Omaha, aleja snajperów, stacja U-boot'ów w Norwegii, (PC).Medal of Honor: Allied Assault
3%
Wyścigi, oparte na serii samochodzików do zabawy, 8bitów.Micro Machines
3%
Wyścigi, ucieczka przed policją, EA.Need for Speed: Hot Pursuit
3%
Magiczny pędzel, Amaterasu, wilk.Okami
3%
Koń, kolosy, strumień światła.Shadow of Colossus
3%
Piwnica, zwariowana mamuśka, na golasa.Binding of Isaac
2%
Kwiatki, sen, sterowanie płatkami kwiatów.Flower
2%
Robot Masters, szalony doktorek, niebieski robot.Megaman
2%
Lewis Carroll, nóż, Kraina CzarówAmerican McGee's Alice
1%
Wiedźma, niedźwiedź, zbieranie części puzzli.Banjo Kazooie
1%
Czołgi, obrona bazy, Namco.Battlecity
1%
Wiewiórka, Wielka Śpiewająca Kupa, Heinrich.Conker's Bad Fur Day
1%
jRPG, Chopin, oświetlenie ma wpływ na rodzaj ataku.Eternal Sonata
1%
Inwazja ZZSR na Nowy Jork, hydraulik, Generał Tatarin.Freedom Fighters
1%
Zombie, strzelanka "na szynach", Agent G.House of the Dead
1%
Ardania, zarządzanie króleswem fantasy, Świątynia Krypty.Majesty
1%
Beam Katana, UAA (United Assassins Associaton), Sylvia.No More Heroes
1%
Londyn, Chimera, FPS.Resistance: Fall of Man
1%
Świat z papieru, Posłaniec, Pudłaki.Tearaway
1%
Zestaw mini gier, Wario, tylko kilka sekund.WarioWare
1%
Jaskiniowiec, uderzanie głową, maskotka Turbografx-16.Bonk
0%
Małpa, marakasy, muzyka latynowska.Samba de Amigo
0%
Behemoth, zamek, przygodówka point 'n click.Shadowgate
0%
Tańczenie, kosmos, walka z kosmitami.Space Channel 5
0%

Rozkład punktacji

Percentyl według liczby udzielonych odpowiedzi

Procent ludzi z każdym wynikiem

Twoja historia wyników

Nie rozwiązałeś tego quizu